| 000 | 01025cab a2200205 4500 | ||
|---|---|---|---|
| 001 | ##L135642 | ||
| 008 | 061121n2006 000 0 eng u | ||
| 035 | _a(Sirsi) u135642 | ||
| 041 | 0 | _aeng | |
| 110 | 2 |
_aScotland _bScottish Executive _94769 |
|
| 245 | 0 | 0 | _aInvestment in construction industry |
| 260 | _c2006 | ||
| 490 | 0 |
_aScottish Executive News Release _v17 November 2006 |
|
| 520 | _aFinancial backing has been agreed to establish a Scottish Construction Centre of Excellence. The centre will be up and running in 2007 and will drive forward construction quality, modernisation and best practice. The Scottish construction industry generates nearly £10bn per annum in sales and turnover, employs around 200 000 people, and represents about 10% of the country's GDP. | ||
| 590 | _aKA | ||
| 651 | 4 |
_aScotland _y1999- |
|
| 690 | _aBUILT ENVIRONMENT-CONSTRUCTION MARKET | ||
| 856 |
_uhttps://www.scotland.gov.uk/News/Releases/2006/11/17101334 _zView the item free of charge at www.scotland.gov.uk... |
||
| 942 | _n0 | ||
| 999 |
_c77960 _d77960 |
||